000 00290nam a22001337a 4500
003 SGT
082 _a611
_bH15B
100 _aBANSAL,SURBHI
245 _aHUMAN ANATOMY & PHYSIOLOGY
260 _aDELHI
_bAITB PUB
_c2015
300 _a344
650 _aANATOMY & PHYSIOLOGY
942 _2ddc
_cBK
_03
999 _c8697
_d8697